| 000 | 00916nam a2200253Ia 4500 | ||
|---|---|---|---|
| 003 | OSt | ||
| 005 | 20250830094300.0 | ||
| 008 | 210210b1995 xxu||||| |||| 00| 0 eng d | ||
| 040 | _cAL | ||
| 041 | _aKannada | ||
| 082 | _aK894.209 SIDR | ||
| 100 |
_aSIDDALINGA PATTANASHETTI. _dಸಿದ್ದಲಿಂಗ ಪಟ್ಟಣಶೆಟ್ಟಿ _9237955 |
||
| 245 |
_aRangayana: rangabhumi-nataka-sahitya kuritu vimarsha lekanagalu. _bರಂಗಾಯಣ: ರಂಗಭೂಮಿ-ನಾಟಕ-ಸಾಹಿತ್ಯ ಕುರಿತು ವಿಮರ್ಶಾ ಲೇಖನಗಳು. |
||
| 260 |
_aDharavada. _bAnanya Prakashana _c1995 |
||
| 300 | _a156 | ||
| 650 |
_avimarsha _9237956 |
||
| 650 |
_aRangayana: _9237957 |
||
| 650 |
_arangabhumi-nataka-sahitya _9237958 |
||
| 650 |
_alekanagalu. _9237959 |
||
| 650 |
_akuritu _9237960 |
||
| 690 |
_aKannada Drama Criticism _9237961 |
||
| 906 | _a058104 | ||
| 942 |
_2ddc _cBK |
||
| 999 |
_c105238 _d105238 |
||